Eco-Innovation Performance of Slovakia
Hodnotenie eko-inovačnej výkonnosti Slovenska. Testovanie vzájomnej závislosti úrovne patentovania environmentálnych technológií na výdavkoch štátneho rozpočtu alebo rozpočtových prostriedkoch na výskum a vývoj v oblasti životného prostredia a energetiky.
Saved in:
| Main Author: | |
|---|---|
| Format: | Book Chapter |
| Language: | English |
| Subjects: | |
| Tags: |
No Tags, Be the first to tag this record!
|
MARC
| LEADER | 00000naa a2200000 4500 | ||
|---|---|---|---|
| 001 | 0267213 | ||
| 005 | 20240502083801.3 | ||
| 041 | 0 | |a eng | |
| 044 | |a SI | ||
| 245 | 1 | 0 | |a Eco-Innovation Performance of Slovakia |c Katarína Belanová |
| 520 | |a Hodnotenie eko-inovačnej výkonnosti Slovenska. Testovanie vzájomnej závislosti úrovne patentovania environmentálnych technológií na výdavkoch štátneho rozpočtu alebo rozpočtových prostriedkoch na výskum a vývoj v oblasti životného prostredia a energetiky. | ||
| 610 | 2 | 0 | |a prostredie životné |
| 610 | 2 | 0 | |a inovácie environmentálne |
| 610 | 2 | 0 | |a Slovensko |
| 610 | 2 | 0 | |a technológie nové |
| 100 | 1 | |a Belanová, Katarína, 1978- | |